000 00528nam a2200181Ia 4500
005 20250508155021.0
008 008 250505s9999 xx 000 0 eng d
037 _aTextual
040 _aFEDL
_beng
_cFEDL
041 _aeng
_2eng
084 _a500, TOU
_qFEDL
100 _aToulmin Stephen
245 0 _aForesight and understanding: An enquiry into the aims of science
260 _aNew York, USA
_bHarper and Row Publisher
_c1961
300 _a117p.
942 _cTEXL
_h500, TOU
999 _c1353428
_d1353428